| 000 | 00640cam a2200205 a 4500 | ||
|---|---|---|---|
| 040 | _cDLC | ||
| 082 | _aCAM KEO 1997 C096 Or. | ||
| 100 | _akeo kimhourn | ||
| 245 | 0 | 0 |
_aWomen's political voice in ASEAN : _bsharing a vision / |
| 260 |
_a[Phnom Penh] : _bCambodian Institute for Cooperation and Peace and Friedrich Ebert Stiftung, _c[1997] |
||
| 300 |
_a200 p. ; _c23 cm. |
||
| 520 | _aContributed articles. | ||
| 650 | 0 | _aWomen | |
| 650 | 0 | _aWomen | |
| 700 | 0 | _aKau Gẏmhuan. | |
| 700 | 1 | _aHofmann, Norbert von. | |
| 710 | 2 | _aCambodian Institute for Cooperation and Peace. | |
| 710 | 2 | _aFriedrich-Ebert-Stiftung. | |
| 942 | _cAEDBB | ||
| 999 |
_c22325 _d22325 |
||